000 01442nam a22003017a 4500
001 8989
003 FISKH
005 20251113091652.0
008 251113b cb ||||| |||| 00| 0 eng d
020 _a9789833721849
040 _aFISKH
_beng
_cFISKH
_dFISKH
082 _a428.1
100 _aRiche, Sarah
245 _aDad and mum /
_cText : Sara Riche and Vic Esar ; Illustrations : Chong and Zeemy
260 _aKuala Lumpur :
_bMind to mind,
_c2005.
300 _a16 pages :
_bcolor illustrations ;
_c21 cm
490 _aKey words with red series :
_v1 b
505 _aaa
520 _aDad and Mum: Key Words with Red Series 1B" could be a beginner-level children's book aimed at helping young readers recognize and understand basic vocabulary related to family members. The book likely uses simple words, colorful illustrations, and repetitive language patterns to introduce children to the key words associated with family life—such as "Dad," "Mum," "Home," "Family," and other early terms. The "Red Series" may indicate a level within a reading program designed to teach foundational vocabulary, typically aimed at early literacy development.
521 8 _a10
_bLexile estimate
521 8 _aaa
_bRaz-Plus
650 _aPhonics readers -
_vReaders
_xSound Works
700 _aEsar, Vic
_eAuthor
700 _aChong
_eillustrator
700 _aZeemy
_e illustrator
942 _2ddc
_cBK
_n0
999 _c8989
_d8989